| 000 | 00403nam a2200157Ia 4500 | ||
|---|---|---|---|
| 008 | 160316s2014 xxu||||| |||| 00| 0 eng d | ||
| 082 |
_a823.000000 _bBHA |
||
| 100 | _aBhadra Souvik | ||
| 245 | _aRed handed : 20 criminal cases that shook India | ||
| 250 | _a | ||
| 260 |
_aNew Delhi _bRupa & Co. _c2014 |
||
| 300 |
_a216p _b _c |
||
| 365 | _b Rs. 275 | ||
| 650 | _a1. Fiction | ||
| 700 |
_aKhan Pingal _a |
||
| 999 |
_c36963 _d36963 |
||